Every Modern Super Bowl's Halftime performer - Statistics

General Stats
  • This quiz has been taken 51 times
  • The average score is 18 of 38
Answer Stats
Year Singer(s) % Correct
2022 Snoop Dogg
90%
2022 Dr Dre
88%
2023 Rihanna
88%
1993 Michael Jackson
86%
2022 Kendrick Lamar
83%
2024 Usher
83%
2022 Eminem
81%
2013 Beyoncé
69%
2015 Katy Perry
69%
2017 Lady Gaga
69%
2007 Prince
67%
2014 Bruno Mars
64%
2020 Shakira
64%
2016 Coldplay
62%
2020 Jennifer Lopez
62%
2018 Justin Timberlake
62%
2004 Justin Timberlake
62%
2021 The Weekend
62%
2022 Mary J Blige
57%
2019 Maroon 5
55%
2012 Madonna
40%
2002 U2
40%
2005 Paul McCartney
38%
2011 Black Eyed Peas
33%
2006 The Rolling Stones
31%
2001 NSYNC
29%
2010 The Who
26%
2001 Aerosmith
21%
2008 Tom Petty and the Heartbreakers
21%
2003 Shania Twain
14%
1996 Diana Ross
10%
2009 Bruce Springsteen and the E Street Band
7%
1999 Stevie Wonder
7%
1997 The Blues Brothers
7%
1994 Clint Black
5%
2000 Phill Collins
2%
1998 The Temptations
2%
1995 Patty LaBelle
0%
No matching quizzes found
Score Distribution
Percent of People with Each Score
Percentile by Number Answered
Your Score History
You have not taken this quiz